| 000 | 00825cam a22002775a 4500 | ||
|---|---|---|---|
| 003 | OSt | ||
| 005 | 20231101113718.0 | ||
| 008 | 180829t2007 maua frbd 001 0 eng d | ||
| 020 | _a1413023169 | ||
| 020 | _a9781413023169 | ||
| 040 |
_aEG-ScBUE _beng _cEG-ScBUE _dEG-ScBUE |
||
| 082 | 0 | 4 |
_a410 _bFRO _222 |
| 100 | 1 | _aFromkin, Victoria. | |
| 245 | 1 | 3 |
_aAn introduction to language / _cVictoria Fromkin, Robert Rodman, Nina Hyams. |
| 250 | _a8th ed., International ed. | ||
| 300 |
_axxii, 586 p. : _bill. ; _c24 cm. |
||
| 504 | _aIncludes bibliographical references and index. | ||
| 650 | 7 |
_aLanguage and languages. _2BUEsh |
|
| 650 | 7 |
_aLinguistics. _2BUEsh |
|
| 651 | _2BUEsh | ||
| 653 |
_bHHUUEENN _cSeptember2018 |
||
| 700 | 1 | _aRodman, Robert. | |
| 700 | 1 | _aHyams, Nina. | |
| 942 |
_2ddc _cBB |
||
| 999 |
_c2618 _d2618 |
||
| 336 | _2rdacontent | ||